There's no stopping it now (Record no. 82536)

MARC details
000 -LEADER
fixed length control field 00897cab a22001935a 4500
001 - CONTROL NUMBER
control field L150507
008 - FIXED-LENGTH DATA ELEMENTS--GENERAL INFORMATION
fixed length control field 100721e20100515xxk 000 0 eng d
035 ## - SYSTEM CONTROL NUMBER
System control number (Sirsi) u150507
041 0# - LANGUAGE CODE
Language code of text/sound track or separate title eng
100 1# - MAIN ENTRY--PERSONAL NAME
Personal name Colby, Allyson
245 00 - TITLE STATEMENT
Title There's no stopping it now
260 ## - PUBLICATION, DISTRIBUTION, ETC.
Date of publication, distribution, etc. 2010
490 ## - SERIES STATEMENT
Series statement Estates Gazette
Volume/sequential designation (1019) 15 May 2010, 104(1)
520 ## - SUMMARY, ETC.
Summary, etc. Land Registry proposals to enable customers to buy and sell properties online. Describes e-discharges and the recent introduction of e-charges which are principally used for the remortgaging of land. Emphasises how important it is for everyone involved in the conveyancing process to embrace these new methods and looks in more detail at the practicalities of e-transfers and e-signatures.
590 ## - LOCAL NOTE (RLIN)
Local note KA
651 #4 - SUBJECT ADDED ENTRY--GEOGRAPHIC NAME
Geographic name United Kingdom
Chronological subdivision
690 ## - LOCAL SUBJECT ADDED ENTRY--TOPICAL TERM (OCLC, RLIN)
Topical term or geographic name as entry element PROPERTY-PROPERTY ACQUISITION AND DISPOSAL-CONVEYANCING-ECONVEYANCING
942 ## - ADDED ENTRY ELEMENTS (KOHA)
Suppress in OPAC 0
Holdings
Withdrawn status Lost status Source of classification or shelving scheme Damaged status Not for loan Home library Current library Shelving location Date acquired Total Checkouts Full call number Barcode Date last seen Copy number Price effective from Koha item type
    Dewey Decimal Classification     London London Journal article 21/07/2010   L150507 150507-1001 06/08/2019 1 06/08/2019 Journal article